| 000 | 00593nam a2200193 i 4500 | ||
|---|---|---|---|
| 001 | 13135 | ||
| 003 | ES-MaACL | ||
| 005 | 20230906150514.0 | ||
| 007 | t| | ||
| 008 | 881212s1987 sp a |||| | spa | ||
| 020 | _a84-505-5943-X | ||
| 080 | _a860-14"19" | ||
| 100 | 1 |
_aBotello de las Heras, Fausto. _930762 |
|
| 245 | 1 | 0 |
_aHombres grises / _cFausto Botello de las Heras. |
| 260 |
_aSevilla : _b[Monte de Piedad y Caja de Ahorros] : _bAteneo de Los Palacios, _c1987. |
||
| 300 |
_a70 p. : _bil. ; _c22 cm. |
||
| 710 | 2 |
_aAteneo de Los Palacios (Sevilla) _91873 |
|
| 852 |
_aES-MaACL _jL-20492 |
||
| 999 |
_c13135 _d13135 |
||